Devinez l'État Américain Mystère #30 - Statistiques

Statistiques générales
  • Ce quiz a été pris 171 fois
  • Le résultat moyen est 29 sur 34
Statistiques - réponses
Type de Réponse Réponse % Correct
Lettre Trouvée N
100%
Lettre Trouvée O
100%
Lettre de l'Alphabet R
100%
Lettre de l'Alphabet A
99%
Lettre de l'Alphabet E
99%
Lettre Trouvée I
99%
Lettre de l'Alphabet S
98%
Lettre de l'Alphabet L
96%
Lettre de l'Alphabet T
94%
Lettre Trouvée M
93%
Lettre de l'Alphabet C
92%
Lettre de l'Alphabet H
92%
Lettre de l'Alphabet D
91%
Lettre Trouvée G
91%
Lettre de l'Alphabet K
89%
Lettre Bien Placée N
88%
Lettre de l'Alphabet U
87%
Lettre de l'Alphabet V
84%
Lettre Trouvée W
84%
Lettre Trouvée Y
82%
Lettre de l'Alphabet F
81%
Lettre Bien Placée O
79%
Lettre de l'Alphabet B
77%
Lettre de l'Alphabet X
77%
Lettre de l'Alphabet P
76%
Lettre de l'Alphabet Z
75%
Lettre Bien Placée I
72%
Lettre Bien Placée M
71%
Lettre de l'Alphabet J
70%
Lettre de l'Alphabet Q
69%
Lettre Bien Placée G
66%
Lettre Bien Placée W
66%
État Mystère Wyoming
66%
Lettre Bien Placée Y
66%
Aucun quiz correspondant
Distribution des résultats
% des personnes avec chaque résultat
Percentile par nombre de réponses
Votre historique - résultats
Vous n’avez pas pris ce quiz